| 000 | 00436nam a2200145Ia 4500 | ||
|---|---|---|---|
| 008 | 210716s2016 xx 000 0 und d | ||
| 020 | _a9780070682184 | ||
| 041 | _aeng | ||
| 082 | _a658 GHUK | ||
| 100 | _aGhuman, Karminder;Aswathappa, K. | ||
| 245 |
_aManagement: concept practice and cases. _bConcept practice and cases. |
||
| 250 | _a1 | ||
| 260 |
_aNew Delhi _bTata McGraw Hill Publishing Company Ltd _c2016 |
||
| 300 | _axxxii,635 | ||
| 999 |
_c211082 _d211082 |
||